<?xml version="1.0" encoding="UTF-8"?>
<record
    xmlns:xsi="http://www.w3.org/2001/XMLSchema-instance"
    xsi:schemaLocation="http://www.loc.gov/MARC21/slim http://www.loc.gov/standards/marcxml/schema/MARC21slim.xsd"
    xmlns="http://www.loc.gov/MARC21/slim">

  <leader>02015nam a2200265   4500</leader>
  <controlfield tag="001">ESSALUD</controlfield>
  <controlfield tag="007">ta</controlfield>
  <controlfield tag="008">      t2026    pe ||||| |||| 00| 0 spa d</controlfield>
  <datafield tag="040" ind1=" " ind2=" ">
    <subfield code="a">BMG</subfield>
  </datafield>
  <datafield tag="041" ind1=" " ind2=" ">
    <subfield code="a">spa</subfield>
  </datafield>
  <datafield tag="100" ind1=" " ind2=" ">
    <subfield code="a">Donayre, Andr&#xE9;s</subfield>
    <subfield code="e">autor</subfield>
    <subfield code="9">52695</subfield>
  </datafield>
  <datafield tag="245" ind1=" " ind2=" ">
    <subfield code="a">Caracter&#xED;sticas de los pacientes atendidos por FISSAL para trasplante renal en el a&#xF1;o 2022 Lima, Peru: estudio observacional descriptivo</subfield>
  </datafield>
  <datafield tag="300" ind1=" " ind2=" ">
    <subfield code="a">p&#xE1;ginas 32-38</subfield>
  </datafield>
  <datafield tag="520" ind1=" " ind2=" ">
    <subfield code="a">Estudio con el objetivo de describir las caracter&#xED;sticas institucionales, demogr&#xE1;ficas y econ&#xF3;micas de los pacientes beneficiados con trasplante renal en Lima durante 2022 financiado por SIS/FISSAL. Se realiz&#xF3; un estudio observacional descriptivo basado en datos secundarios de FISSAL 2022 sobre enfermedades raras y trasplantes. La unidad de an&#xE1;lisis fueron pacientes atendidos en hospitales de referencia. Se analizaron variables como edad, sexo, establecimiento de salud, tipo de seguro y monto de financiamiento. Se encontr&#xF3; 203 pacientes trasplantados; el 91% estuvo afiliado al SIS Gratuito. El 42% atendido en el Hospital Nacional Cayetano Heredia y el 33% en el Instituto Nacional de Salud del Ni&#xF1;o&#x2013;San Borja. Los adolescentes (12&#x2013;17 a&#xF1;os) concentraron el mayor gasto (61,7%; S/ 750 388), seguidos por adultos j&#xF3;venes (20,6%) y adultos (17,7%). Los resultados evidencian mayor gasto en poblaci&#xF3;n joven y la necesidad de evaluar equidad, acceso y sostenibilidad de los programas financiados por FISSAL/SIS.</subfield>
  </datafield>
  <datafield tag="650" ind1=" " ind2=" ">
    <subfield code="a">TRASPLANTE DE RI&#xD1;&#xD3;N</subfield>
    <subfield code="9">13898</subfield>
  </datafield>
  <datafield tag="650" ind1=" " ind2=" ">
    <subfield code="a">FALLO RENAL CR&#xD3;NICO</subfield>
    <subfield code="9">49121</subfield>
  </datafield>
  <datafield tag="650" ind1=" " ind2=" ">
    <subfield code="a">FINANCIACI&#xD3;N DE LA ATENCI&#xD3;N DE LA SALUD</subfield>
    <subfield code="9">4690</subfield>
  </datafield>
  <datafield tag="650" ind1=" " ind2=" ">
    <subfield code="a">SEGURO DE SALUD</subfield>
    <subfield code="9">2768</subfield>
  </datafield>
  <datafield tag="700" ind1=" " ind2=" ">
    <subfield code="a">S&#xE1;nchez, Alonso</subfield>
    <subfield code="e">autor</subfield>
    <subfield code="9">52696</subfield>
  </datafield>
  <datafield tag="700" ind1=" " ind2=" ">
    <subfield code="a">Acosta, Ana Luc&#xED;a</subfield>
    <subfield code="e">autor</subfield>
    <subfield code="9">52697</subfield>
  </datafield>
  <datafield tag="700" ind1=" " ind2=" ">
    <subfield code="a">Aparicio Hidalgo, Briset</subfield>
    <subfield code="e">autor</subfield>
    <subfield code="9">52698</subfield>
  </datafield>
  <datafield tag="700" ind1=" " ind2=" ">
    <subfield code="a">Novoa, M&#xF3;nica</subfield>
    <subfield code="e">autor</subfield>
    <subfield code="9">52699</subfield>
  </datafield>
  <datafield tag="773" ind1="0" ind2=" ">
    <subfield code="0">22497</subfield>
    <subfield code="9">22595</subfield>
    <subfield code="d">Lima :  IETSI</subfield>
    <subfield code="o">CITES01</subfield>
    <subfield code="t">Ciencia y Tecnolog&#xED;a aplicada a la Salud P&#xFA;blica</subfield>
    <subfield code="w">ESSALUD</subfield>
    <subfield code="x">3119-7981</subfield>
  </datafield>
  <datafield tag="942" ind1=" " ind2=" ">
    <subfield code="c">ARTICULOS</subfield>
    <subfield code="e">2026-06-11</subfield>
    <subfield code="z">AFC</subfield>
  </datafield>
  <datafield tag="999" ind1=" " ind2=" ">
    <subfield code="c">22520</subfield>
    <subfield code="d">22520</subfield>
  </datafield>
</record>
